[Event "1st Open"]
[Site "Brno CZE"]
[Date "2010.11.17"]
[Round "5"]
[White "Mikulas,D"]
[Black "Horyna,J"]
[Result "1-0"]
[WhiteElo "2134"]
[BlackElo "1922"]

1.e4 e6 2.d4 d5 3.Nc3 Nf6 4.e5 Nfd7 5.Nce2 c5 6.c3 Nc6 7.f4 cxd4 8.cxd4 Be7
9.Nf3 b6 10.Nc3 a6 11.Bd3 g6 12.O-O b5 13.Be3 Nb6 14.Qe2 Bd7 15.Rae1 Rc8
16.g4 Qc7 17.Rf2 Nc4 18.f5 gxf5 19.gxf5 Nxe3 20.Qxe3 b4 21.Nxd5 exd5 22.e6 Rg8+
23.Kh1 fxe6 24.fxe6 Kd8 25.exd7 Qxd7 26.Bxa6 Rc7 27.Bb5 Qd6 28.Bxc6 Qxc6
29.Ne5 Qb5 30.Qh3 Qa6 31.Qxh7 Rf8 32.Rxf8+ Bxf8 33.Qg8  1-0

[Event "ch-UKR w"]
[Site "Poltava UKR"]
[Date "2010.11.19"]
[Round "7"]
[White "Ivanenko,O2"]
[Black "Yushko,O"]
[Result "1-0"]
[WhiteElo "2132"]
[BlackElo "2119"]

1.e4 e6 2.d4 d5 3.Nc3 Nf6 4.e5 Nfd7 5.f4 c5 6.Nf3 Nc6 7.Be3 Qb6 8.Na4 Qa5+
9.c3 cxd4 10.b4 Qc7 11.Nxd4 Nxd4 12.Bxd4 a6 13.Bd3 b5 14.Nb2 Nb6 15.O-O Bd7
16.f5 exf5 17.Bxf5 Bxf5 18.Rxf5 g6 19.Rf6 Nd7 20.Rf2 f6 21.exf6 Kf7 22.Qf3 Qc6
23.Re1 Bd6 24.Qh3 Bf8 25.Rfe2 Rb8 26.Re7+ Bxe7 27.Rxe7+  1-0

[Event "TCh-NED"]
[Site "Netherlands NED"]
[Date "2010.11.20"]
[Round "3.10"]
[White "Pijpers,A"]
[Black "Vedder,H"]
[Result "1-0"]
[WhiteElo "2248"]
[BlackElo "2372"]

1.e4 e6 2.d4 d5 3.Nc3 Nf6 4.e5 Nfd7 5.f4 c5 6.Nf3 Nc6 7.Be3 Qb6 8.Na4 Qa5+
9.c3 b6 10.Bd2 c4 11.b4 Qa6 12.Be2 Be7 13.O-O O-O 14.Qc2 f6 15.Nb2 b5 16.exf6 Nxf6
17.a4 Bd7 18.Ne5 Nxe5 19.axb5 Qxb5 20.fxe5 Ne8 21.Rxf8+ Bxf8 22.Bh5 Nc7 23.Bf7+ Kh8
24.Bg5 Be8 25.Qf2 Qd7 26.Rf1 Bxf7 27.Qxf7 Qxf7 28.Rxf7 Nb5 29.Na4 h6 30.Bd2 Rb8
31.Kf2 Kh7 32.g4 Kg6 33.Rd7 h5 34.gxh5+ Kxh5 35.Kf3 Kg6 36.Kg4 a5 37.bxa5 Ra8
38.Nc5 Bxc5 39.dxc5 Rxa5 40.c6 Ra6 41.Rb7 Na3 42.c7 Rc6 43.h4 d4 44.cxd4 c3
45.Bc1 Nc2 46.h5+ Kh7 47.h6 Nxd4 48.hxg7 Ne2 49.Rb8 Kxg7 50.c8=Q Rxc8 51.Rxc8 Nxc1
52.Rxc3 Ne2 53.Rc6 Kf7 54.Kg5 Nd4 55.Rc7+  1-0

[Event "ch-UKR w"]
[Site "Poltava UKR"]
[Date "2010.11.21"]
[Round "9"]
[White "Nesterovskaya,A"]
[Black "Bulakh,O"]
[Result "1-0"]
[WhiteElo "2176"]
[BlackElo "2045"]

1.e4 e6 2.d4 d5 3.Nc3 Nf6 4.e5 Nfd7 5.f4 c5 6.Nf3 Nc6 7.Be3 Be7 8.Be2 a6
9.O-O b5 10.a3 O-O 11.Qd2 Bb7 12.Rad1 Rc8 13.f5 cxd4 14.Nxd4 Ncxe5 15.fxe6 Nb6
16.exf7+ Rxf7 17.Rxf7 Nxf7 18.Ne6 Qd6 19.Bg4 Rc4 20.Bd4 Bf6 21.b3 Bxd4+ 22.Nxd4 Rc7
23.a4 bxa4 24.Nxa4 Nxa4 25.bxa4 Bc8 26.Re1 Bd7 27.Bxd7 Qxd7 28.Qa5 Rc8 29.Qxa6 Nd6
30.Qa5 Nc4 31.Qb5 Qxb5 32.axb5 Kf7 33.Kf2 Na3 34.Ra1 Rc4 35.Rxa3 Rxd4 36.Ke3 Rc4
37.Kd3 Ke6 38.Rc3 Rb4 39.Rb3 Rc4 40.b6 Rc8 41.b7 Rb8 42.Kd4 Kd6 43.Rb6+ Kc7
44.Kc5 g6 45.Rc6+  1-0

[Event "ch-UKR w"]
[Site "Poltava UKR"]
[Date "2010.11.21"]
[Round "9"]
[White "Aniper,Veronika"]
[Black "Bogdan,Dar"]
[Result "1-0"]
[WhiteElo "1746"]
[BlackElo "1889"]

1.e4 e6 2.d4 d5 3.Nc3 Nf6 4.e5 Nfd7 5.f4 c5 6.Nf3 Nc6 7.Be3 b6 8.Qd2 Bb7
9.O-O-O Rc8 10.f5 Be7 11.fxe6 fxe6 12.Ng5 Bxg5 13.Bxg5 Ne7 14.Nb5 O-O 15.Nd6 Rc7
16.Nb5 Rc8 17.Be2 cxd4 18.Bg4 Nc5 19.Nxd4 Kh8 20.Nxe6 Nxe6 21.Bxe6 Rc7 22.Rhf1 Qe8
23.Bxe7 Rxf1 24.Rxf1 Rxe7 25.Bxd5 Bxd5 26.Qxd5 h6 27.Qd6 Kh7 28.Re1 Re6 29.Qd3+ Kh8
30.Qf5 Qe7 31.Re4 Qe8 32.g4 Qe7 33.h3 Kg8 34.h4 Qe8 35.g5 hxg5 36.hxg5 Qf7
37.Rf4 Qxf5 38.Rxf5 Kh7 39.Rf7 a5 40.Rb7 Kg6 41.Kd2 Kxg5 42.Rxg7+ Kf5 43.Kd3 Kxe5
44.Rd7 Rc6 45.c3 Rc5 46.Kc2 Ke6 47.Rd4 b5 48.Kb3 Rh5 49.Rd8 Ke7 50.Rd4 Ke6
51.a4 bxa4+ 52.Kxa4 Rh2 53.b3 Ra2+ 54.Kb5 Ra3 55.c4 Rxb3+ 56.Kxa5 Ke5 57.Rd1 Ke6
58.c5 Ke7 59.c6 Rc3 60.Kb6 Rb3+ 61.Kc7 Rc3 62.Kb7 Rb3+ 63.Kc8 Rc3 64.c7 Rb3
65.Re1+ Kf6 66.Re4 Rb1 67.Kd7 Rd1+ 68.Kc6 Rc1+ 69.Kb6 Rb1+ 70.Kc5  1-0

[Event "4th South Bohemia Open"]
[Site "Cesky Krumlov CZE"]
[Date "2010.11.22"]
[Round "2"]
[White "Umanec,F"]
[Black "Horyna,J"]
[Result "1-0"]
[WhiteElo "2200"]
[BlackElo "1922"]

1.e4 e6 2.d4 d5 3.Nc3 Nf6 4.e5 Nfd7 5.f4 c5 6.Nf3 Nc6 7.Be3 cxd4 8.Nxd4 Nxd4
9.Bxd4 Bc5 10.Be2 a6 11.h4 Bxd4 12.Qxd4 Qb6 13.O-O-O Qxd4 14.Rxd4 b6 15.Rh3 Bb7
16.h5 h6 17.Rg3 O-O 18.Ne4 dxe4 19.Rxd7 Bc6 20.Rd6 Rfc8 21.Rc3 Bb5 22.Rxc8+ Rxc8
23.Bxb5 axb5 24.g3 Ra8 25.Rxb6 Rxa2 26.Rb8+ Kh7 27.Rxb5 e3 28.Kd1 Ra1+ 29.Ke2 Rg1
30.c4 Rxg3 31.c5 g5 32.hxg6+ Kxg6 33.c6 Rg2+ 34.Kxe3 Rc2 35.Rb6 h5 36.b4 h4
37.b5 h3 38.Rb8 Kg7 39.Ra8 h2 40.Ra1 Rc5 41.Kd4 Rxb5 42.c7 Rd5+ 43.Kc4 Ra5
44.Rh1 Ra2 45.Kb3 Ra8 46.Rxh2 Rc8 47.Rc2 f6 48.Kb4 fxe5 49.fxe5 Kf7 50.Kb5 Ke7
51.Kb6  1-0

[Event "WY U-16 Olympiad"]
[Site "Burdur TUR"]
[Date "2010.11.27"]
[Round "1"]
[White "Atabayev,Y"]
[Black "Foster,JM"]
[Result "1-0"]
[WhiteElo "2295"]
[BlackElo "1953"]

1.e4 e6 2.d4 d5 3.Nc3 Nf6 4.e5 Nfd7 5.Nf3 c5 6.dxc5 Bxc5 7.Bd3 Nc6 8.Bf4 h6
9.Bg3 a6 10.O-O O-O 11.a3 b5 12.Qd2 Qc7 13.Rfe1 Nb6 14.Nd1 b4 15.axb4 Nxb4
16.Bf1 a5 17.c3 Nc6 18.Bd3 Nc4 19.Qc1 Ne7 20.b3 Nb6 21.Nb2 Bd7 22.Qd2 Rfb8
23.Bc2 Nbc8 24.Rec1 Bb5 25.Nd3 Bb6 26.Nf4 Qd7 27.Nh5 Ng6 28.Bf4 Nxf4 29.Qxf4 Qe7
30.Qg4 Qf8 31.c4 dxc4 32.Qe4 g6 33.bxc4 Be8 34.Nf6+ Kh8 35.Qf4 Ne7 36.Be4 Ra7
37.c5 Bc7 38.Rab1 a4 39.Rxb8 Bxb8 40.Nxe8 a3 41.Nd6 Nf5 42.Bxf5 exf5 43.Qc4 a2
44.Ra1 Bxd6 45.exd6 Qb8 46.Qd4+ Kg8 47.h3  1-0

[Event "WY U-16 Olympiad"]
[Site "Burdur TUR"]
[Date "2010.11.27"]
[Round "1"]
[White "Atabayew,S"]
[Black "Archer Lock,A"]
[Result "1/2-1/2"]
[WhiteElo "1987"]
[BlackElo "1844"]

1.e4 e6 2.d4 d5 3.Nc3 Nf6 4.e5 Nfd7 5.f4 c5 6.Nf3 Nc6 7.Be3 a6 8.Be2 Qc7
9.O-O Be7 10.Kh1 cxd4 11.Nxd4 Nxd4 12.Bxd4 f6 13.Bd3 g6 14.Qe2 O-O 15.exf6 Nxf6
16.Rae1 Bd6 17.Na4 Bd7 18.Nb6 Rae8 19.Bxf6 Rxf6 20.Nxd7 Qxd7 21.f5 Ref8 22.Qg4 exf5
23.Qd4 Qc6 24.c4 Bc5 25.Qxd5+ Qxd5 26.cxd5 Rd6 27.Rc1 Bb6 28.Rfe1 Kg7 29.Re7+ Rf7
30.Re2 Rxd5 31.Bc4 Rc7 32.b3 Rdd7 33.Rf1 Re7 34.Rfe1 Rxe2 35.Rxe2 Rd7 36.g3 g5
37.h3 Bc7 38.Kg2 f4 39.gxf4 Bxf4 40.a4 h5 41.Kf3 Rc7 42.Ke4  1/2-1/2

[Event "11th Puhajarve Rapid"]
[Site "Harjumaa EST"]
[Date "2010.11.27"]
[Round "23"]
[White "Ladva,O"]
[Black "Korchnoi,V"]
[Result "1-0"]
[WhiteElo "1998"]
[BlackElo "2548"]

1.e4 e6 2.d4 d5 3.Nc3 Nf6 4.e5 Nfd7 5.f4 c5 6.Nf3 Nc6 7.Be3 Be7 8.Qd2 a6
9.Be2 b5 10.O-O b4 11.Nd1 a5 12.c3 bxc3 13.Nxc3 O-O 14.g4 Ba6 15.Nb5 cxd4
16.Nfxd4 Nxd4 17.Bxd4 Nc5 18.a4 Ne4 19.Qe3 Bb4 20.Bd3 Qh4 21.h3 Rac8 22.Bxe4 dxe4
23.Rac1 Rcd8 24.Rfd1 Bb7 25.Kh2 Rd7 26.Bc3 Rxd1 27.Rxd1 Bxc3 28.bxc3 Bd5
29.Nd6 Rb8 30.c4 Bc6 31.Nb5 h6 32.Rd6 Be8 33.Rd2 Rc8 34.Nd6 Rb8 35.Nxe8 Rxe8
36.Qxe4 Rb8 37.c5 g5 38.f5 Rb4 39.Rd8+ Kh7 40.Qc2 Rxg4 41.f6+ Re4 42.Rd4  1-0

[Event "Vasylyshyn Memorial GM"]
[Site "Lviv UKR"]
[Date "2010.11.28"]
[Round "6"]
[White "Bernadskiy,V"]
[Black "Polivanov,A"]
[Result "1/2-1/2"]
[WhiteElo "2438"]
[BlackElo "2395"]

1.e4 e6 2.d4 d5 3.Nc3 Nf6 4.e5 Nfd7 5.f4 c5 6.Nf3 Nc6 7.Be3 a6 8.Qd2 b5 9.dxc5 b4
10.Na4 Qa5 11.Nb6 Nxb6 12.cxb6 Bc5 13.Bxc5 Qxc5 14.Qf2 Qxf2+ 15.Kxf2 Rb8
16.Ke3 Rxb6 17.Nd4 Bd7 18.Nxc6 Bxc6 19.a4 a5 20.Kd4 Ke7 21.Kc5 Rhb8 22.Bd3 Bd7
23.h4 h5 24.Kd4 Bc8 25.g4 hxg4 26.h5 b3 27.c3 Ba6 28.Rhg1 Bxd3 29.Kxd3 Rh8
30.Rxg4 Rh7 31.Rag1 Rc6 32.Ra1 Rh8 33.Ra3 Rb8 34.Rg1 Rc4 35.Rxg7 Rxf4 36.h6 Kf8
37.Ra1 Ke7 38.h7 Rh4 39.Rg8 Rf8 40.Rg7 Rh3+ 41.Kd2 Rh2+ 42.Ke3 Rh3+ 43.Ke2 Rh2+  1/2-1/2

[Event "XXIII Belgrade Trophy"]
[Site "Obrenovac SRB"]
[Date "2010.11.29"]
[Round "6.37"]
[White "Sarenac,D"]
[Black "Rodic,Dr"]
[Result "1-0"]
[WhiteElo "2265"]
[BlackElo "2113"]

1.e4 e6 2.d4 d5 3.Nc3 Nf6 4.e5 Ng8 5.f4 c5 6.Nf3 Nc6 7.Ne2 g6 8.c3 a6 9.a3 Bd7
10.g3 Nh6 11.Be3 Nf5 12.Bf2 c4 13.g4 Ng7 14.Bh4 Be7 15.Bxe7 Qxe7 16.h3 Na5
17.Rb1 Nb3 18.Kf2 Ba4 19.Qe1 O-O-O 20.Bg2 h6 21.Ng3 a5 22.Qe3 Bc6 23.Bf1 h5
24.Bg2 Rdf8 25.Ne2 Ne8 26.Ng5 Nc7 27.Bf3 h4 28.Kg2 b5 29.Rhf1 Kd7 30.Ng1 Ra8
31.Bd1 Raf8 32.Bc2 a4 33.N1f3 Kc8 34.Qf2 Bd7 35.Rbe1 Kb7 36.Nxh4 b4 37.axb4 Nb5
38.Re3 Ra8 39.Nhf3 a3 40.bxa3 Rxa3 41.Bb1 Rha8 42.h4 Ra1 43.h5 gxh5 44.gxh5 Rh8
45.Bh7 Rxf1 46.Qxf1 Qf8 47.Nh2 Qg7 48.h6 Qxh6 49.Ng4 Qg7 50.Nf6 Bc6 51.Qf3 Ra8
52.Qh5 Ra2+ 53.Kh3 N5xd4 54.cxd4 Nxd4 55.Qxf7+ Qxf7 56.Nxf7 Nb5 57.Nd8+  1-0

[Event "Channukah Closed"]
[Site "Haifa ISR"]
[Date "2010.12.01"]
[Round "1.3"]
[White "Fraas,M"]
[Black "Battaglini,G"]
[Result "0-1"]
[WhiteElo "2240"]
[BlackElo "2446"]

1.e4 e6 2.d4 d5 3.Nc3 Nf6 4.e5 Nfd7 5.f4 c5 6.Nf3 Nc6 7.Be3 Qb6 8.Na4 Qa5+
9.c3 cxd4 10.b4 Nxb4 11.cxb4 Bxb4+ 12.Bd2 Bxd2+ 13.Nxd2 O-O 14.Bd3 b5 15.Nb2 Nb6
16.a4 Qc3 17.O-O Nc4 18.Nbxc4 bxc4 19.Be2 d3 20.Bf3 Rb8 21.Kh1 Rb2 22.Nb1 Qd4
23.Ra3 Bd7 24.Nc3 a6 25.Qa1 Rf2 26.Rxf2 Qxf2 27.Ra2 Qe3 28.Bxd5 d2 29.Rxd2 Qxd2
30.Bxc4 Qxf4 31.Bxa6 Qxe5  0-1

[Event "WY U-16 Olympiad"]
[Site "Burdur TUR"]
[Date "2010.12.02"]
[Round "7"]
[White "Jayasundara,P"]
[Black "Foster,JM"]
[Result "0-1"]
[WhiteElo "1963"]
[BlackElo "1953"]

1.e4 e6 2.d4 d5 3.Nc3 Nf6 4.e5 Nfd7 5.f4 c5 6.Nf3 Nc6 7.Be3 Qb6 8.Qd2 cxd4
9.Nxd4 Bc5 10.Na4 Qb4 11.Nxc5 Qxd2+ 12.Kxd2 Nxc5 13.Nxc6 Ne4+ 14.Ke1 bxc6
15.Bd3 f5 16.exf6 Nxf6 17.Bc5 Kf7 18.Kd2 a5 19.Rhe1 Re8 20.Bd6 g6 21.Rac1 Ba6
22.Bc5 Nd7 23.Bd6 Red8 24.g4 Nf6 25.Bc5 Nxg4 26.h3 Nf6 27.Re3 Re8 28.Bd6 Nd7
29.c4 d4 30.Re2 c5 31.Be4 Ra7 32.h4 Bb7 33.Bd3 Ra6 34.Be5 Bf3 35.Rf2 Bg4
36.Re1 Bf5 37.h5 Rb6 38.b3 a4 39.hxg6+ hxg6 40.Rh2 Nxe5 41.fxe5 axb3 42.Rh7+ Kf8
43.Reh1 bxa2 44.Bxf5 gxf5 45.Ra7 Rb2+ 46.Kd3 Rg2 47.Rh8+ Rg8 48.Rhh7 Rg3+
49.Ke2 Kg8 50.Kf2 a1=Q 51.Rxa1 Kxh7 52.Kxg3 d3 53.Kf3 Rd8 54.Ke3 d2 55.Rd1 Kg6
56.Ke2 f4 57.Rg1+ Kf5 58.Kd1 Kxe5 59.Rg5+ Kd4 60.Kxd2 Kxc4+ 61.Ke2 Rd5  0-1

[Event "XXIII Belgrade Trophy"]
[Site "Obrenovac SRB"]
[Date "2010.12.02"]
[Round "9.69"]
[White "Rajkovic,Mladen"]
[Black "Pihajlic,A"]
[Result "1/2-1/2"]
[WhiteElo "1760"]
[BlackElo "1988"]

1.e4 e6 2.d4 d5 3.Nc3 Nf6 4.e5 Nfd7 5.f4 c5 6.Nf3 Nc6 7.Be3 Qb6 8.Na4 Qa5+
9.c3 cxd4 10.b4 Qd8 11.Nxd4 Nxd4 12.Bxd4 a6 13.Bd3 g6 14.O-O b5 15.Nb2 Nb6
16.a4 Nc4 17.Nxc4 bxc4 18.Bc2 Bd7 19.a5 Be7 20.Ba4 O-O 21.Bxd7 Qxd7 22.Qa4 Qb7  1/2-1/2

[Event "2nd Pilsen Open"]
[Site "Plzen CZE"]
[Date "2010.12.04"]
[Round "1"]
[White "Chudinovskikh,A"]
[Black "Fischer,G2"]
[Result "1-0"]
[WhiteElo "2280"]
[BlackElo "1969"]

1.e4 e6 2.d4 d5 3.Nc3 Nf6 4.e5 Nfd7 5.f4 c5 6.Nf3 Nc6 7.Be3 Qb6 8.a3 cxd4
9.Nxd4 Nxd4 10.Bxd4 Bc5 11.Bxc5 Qxc5 12.Qd2 Nb6 13.b4 Qe7 14.Bd3 O-O 15.O-O Bd7
16.Qe3 f5 17.Ne2 Rfc8 18.Nd4 Nc4 19.Qf2 g5 20.fxg5 Qxg5 21.Nf3 Qe3 22.Rfe1 Qxf2+
23.Kxf2 b5 24.Nd4 a5 25.Nb3 axb4 26.axb4 Rxa1 27.Nxa1 Nb2 28.Ke3 Kf7 29.Nb3 Rg8
30.g3 Rg4 31.Nd4 Nc4+ 32.Bxc4 dxc4 33.c3 h5 34.Kf3 h4 35.Re3 hxg3 36.hxg3 Ke7
37.Re2 Kd8 38.Re1 Kc7 39.Ne2 Bc6+ 40.Kf2 Re4 41.Nd4 Rxd4 42.cxd4 Bd5 43.Ke3 Be4
44.Kd2 Kc6 45.Kc3 Kb6 46.Re2 Kc6 47.Rh2 Kb6 48.Rh6 Bd5 49.Rh2 Kc6 50.Ra2 Kb6
51.Kd2 Kb7 52.Ra3 Kb6 53.Ke3 Bb7 54.Kf4 Kc6 55.Kg5 Kb6 56.Ra5 c3 57.Ra3 c2
58.Rc3 Be4 59.g4  1-0

[Event "48th ch-IND"]
[Site "New Delhi IND"]
[Date "2010.12.12"]
[Round "4"]
[White "Konguvel,P"]
[Black "Neelotpal,D"]
[Result "1/2-1/2"]
[WhiteElo "2421"]
[BlackElo "2486"]

1.e4 e6 2.d4 d5 3.Nc3 Nf6 4.e5 Nfd7 5.f4 c5 6.Nf3 Nc6 7.Be3 Qb6 8.Na4 Qa5+
9.c3 cxd4 10.b4 Nxb4 11.cxb4 Bxb4+ 12.Bd2 Bxd2+ 13.Nxd2 O-O 14.Bd3 b5 15.Nb2 Nb6
16.O-O Bd7 17.Nf3 g6 18.Qe1 Qc3 19.Qh4 Kg7 20.Qf6+ Kg8 21.Qh4 Kg7 22.Qf2 Nc4
23.Bxc4 bxc4 24.Qxd4 Qxd4+ 25.Nxd4 Rfc8 26.Nd1 c3 27.Ne3 Rab8 28.Rfc1 Rb2
29.Nec2 Rc4 30.g3 Ba4 31.Kf1 h5 32.h4 Kf8 33.Ke1 Bxc2 34.Nxc2 Ra4 35.Kf2 Rd4
36.Ke3 Rd2 37.Nd4 Rb4 38.Rxc3 Rdxd4 39.Rac1 Re4+ 40.Kf3 Kg7 41.Rc7 Ra4 42.Rb1 Ra3+
43.Rb3 Rea4 44.g4 Rxa2 45.gxh5 gxh5 46.f5 Rxh4 47.Kg3 Rah2 48.Rf3 R2h3+ 49.Kf2 Rxf3+
50.Kxf3 exf5 51.e6 Re4 52.exf7 Ra4 53.Rd7 h4 54.Rxd5 Kxf7 55.Rxf5+ Kg6 56.Rc5 Ra3+
57.Kg2 a5 58.Kh2 Kf6 59.Rb5 Ke6 60.Rc5 Kd6 61.Rf5 Kc6 62.Rf6+ Kd5 63.Rf5+ Ke6
64.Rh5 h3 65.Rg5 a4 66.Rg4 Kd5 67.Rb4 Kc5 68.Rf4 Kb5 69.Rf5+ Kb4 70.Rf4+ Kc5
71.Rf5+ Kd4 72.Rf4+ Kd5 73.Rb4 Ke5 74.Rc4 Kd6 75.Rg4 Kc5 76.Rf4 Kb5 77.Rf5+ Kb6
78.Rf4 Kc7 79.Rc4+ Kd6 80.Rg4 Kd5 81.Rb4  1/2-1/2

[Event "17th Open A"]
[Site "Zadar CRO"]
[Date "2010.12.16"]
[Round "7.1"]
[White "Saric,Iv"]
[Black "Dizdar,G"]
[Result "1/2-1/2"]
[WhiteElo "2574"]
[BlackElo "2546"]

1.e4 e6 2.d4 d5 3.Nc3 Nf6 4.e5 Nfd7 5.f4 c5 6.Nf3 Nc6 7.Be3 Be7 8.Qd2 O-O
9.dxc5 Bxc5 10.O-O-O Qa5 11.a3 Rd8 12.h4 Rb8 13.Nd4 Nxd4 14.Bxd4 b5 15.Rh3 b4
16.Na2 Ba6 17.Bxa6 Qxa6 18.Bxc5 Nxc5 19.Nxb4 Qb5 20.Qd4 Rdc8 21.Kb1 a5 22.Na2 Ne4
23.Rb3 Qe2 24.Qd3 Qxg2 25.Rxb8 Rxb8 26.Nc3 Nf2 27.Qd2 d4 28.Na4 Qf3  1/2-1/2

[Event "48th ch-IND"]
[Site "New Delhi IND"]
[Date "2010.12.17"]
[Round "8"]
[White "Konguvel,P"]
[Black "Sundararajan,K"]
[Result "0-1"]
[WhiteElo "2421"]
[BlackElo "2449"]

1.e4 e6 2.d4 d5 3.Nc3 Nf6 4.e5 Nfd7 5.f4 c5 6.Nf3 Nc6 7.Be3 a6 8.Qd2 b5 9.a3 Bb7
10.Bd3 g5 11.fxg5 cxd4 12.Nxd4 Ncxe5 13.O-O Bd6 14.Qe2 Qe7 15.Kh1 Rg8 16.Qh5 O-O-O
17.a4 b4 18.Nce2 f5 19.Ng3 Nxd3 20.cxd3 Rdf8 21.Qd1 Kb8 22.Qd2 Ne5 23.Rae1 Ng6
24.Nxe6 f4 25.Bd4 fxg3 26.Nxf8 Rxf8 27.Rf6 Qd7 28.Rxf8+ Bxf8 29.Qe3 gxh2
30.a5 Bd6 31.Ba7+ Ka8 32.Bd4 Bc8 33.Rf1 Bb8 34.Rf6 Qg4 35.Rf1 Nh4 36.g3 Nf5
37.Rxf5 Qxf5 38.Kxh2 Qh3+ 39.Kg1 Qxg3+ 40.Qxg3 Bxg3  0-1

[Event "7th UTD GM"]
[Site "Richardson USA"]
[Date "2010.12.17"]
[Round "3"]
[White "Chirila,I"]
[Black "Wang Puchen"]
[Result "1-0"]
[WhiteElo "2492"]
[BlackElo "2468"]

1.e4 e6 2.d4 d5 3.Nc3 Nf6 4.e5 Nfd7 5.f4 c5 6.Nf3 Nc6 7.Be3 Be7 8.dxc5 Bxc5
9.Qd2 O-O 10.O-O-O Qa5 11.Nd4 Bxd4 12.Bxd4 Rb8 13.Kb1 b5 14.h4 Ba6 15.Ne2 b4
16.Nc1 Bxf1 17.Rhxf1 Nxd4 18.Qxd4 Rfc8 19.Nd3 Nc5 20.Nxc5 Qxc5 21.Rf2 g6
22.g4 Qxd4 23.Rxd4 a5 24.f5 Rb7 25.h5 Rbc7 26.hxg6 hxg6 27.Rd1 Rc4 28.Rh1 exf5
29.gxf5 gxf5 30.Rxf5 R8c6 31.Rhf1 Re4 32.Rxf7 Rxe5 33.R7f5 Rxf5 34.Rxf5 Rc5
35.Kc1 Kg7 36.Kd2 Kg6 37.Rf2 Rc4 38.Kd3 Rh4 39.b3 Rh1 40.Kd4 Ra1 41.c4 bxc3
42.Kxc3 Rd1 43.Rf4 Rc1+ 44.Kd4 Ra1 45.Rf2 Rd1+ 46.Kc5 a4 47.bxa4 d4 48.a5 d3
49.a6 Rc1+ 50.Kb5 Rc2 51.a7 Rxf2 52.a8=Q d2 53.Qd8 Kf5 54.a4 Kf4 55.Kc4 Kf3
56.Kc3 Re2 57.a5  1-0

[Event "17th Open A"]
[Site "Zadar CRO"]
[Date "2010.12.17"]
[Round "8.6"]
[White "Zelcic,R"]
[Black "Sedlak,N"]
[Result "1/2-1/2"]
[WhiteElo "2539"]
[BlackElo "2546"]

1.e4 e6 2.d4 d5 3.Nc3 Nf6 4.e5 Nfd7 5.f4 c5 6.Nf3 Nc6 7.Be3 Be7 8.Qd2 O-O
9.Be2 b6 10.O-O f5 11.exf6 Nxf6 12.Kh1 Bb7 13.Rad1 c4 14.Qe1 a6 15.Qg3 Bb4
16.Nb1 Ne7 17.Qh3 Nf5 18.Bc1 Ne4 19.Ne5 Rf6 20.Ng4 Rg6 21.Kg1 Bd6 22.Nc3 b5
23.g3 Qb6 24.Nxe4 dxe4 25.c3 Rf8 26.Ne3 Be7 27.Bh5 Rh6 28.Ng4 Rxh5 29.Qxh5 e3
30.Nxe3 Qc6 31.Kf2 Nd6 32.Ke1 b4 33.Qc5 Qd7 34.Qxb4 Rc8 35.d5 exd5 36.Qb6 Nf5
37.b4 Bd8 38.Qa7 Qe6 39.Qxb7 Nxe3 40.Qxc8 Ng2+ 41.Kf2 Qxc8 42.Kxg2 Qc6 43.Rf3 Bb6
44.f5 Qe8 45.Be3 d4 46.cxd4 Qe4 47.Rc1 Qd3 48.Bf2 Qe2 49.Re1 Qd2 50.f6 gxf6
51.Re6 c3 52.Rexf6 c2 53.Rf8+ Kg7 54.R3f7+ Kg6 55.Rf6+ Kg7  1/2-1/2

[Event "17th Open A"]
[Site "Zadar CRO"]
[Date "2010.12.17"]
[Round "8.5"]
[White "Brkic,A"]
[Black "Kovacevic,A"]
[Result "0-1"]
[WhiteElo "2564"]
[BlackElo "2594"]

1.e4 e6 2.d4 d5 3.Nc3 Nf6 4.e5 Nfd7 5.f4 c5 6.Nf3 Nc6 7.Be3 Be7 8.Qd2 O-O
9.Be2 b6 10.Nd1 a5 11.O-O Ba6 12.Bxa6 Rxa6 13.a4 Ra8 14.Nc3 cxd4 15.Nxd4 Nxd4
16.Bxd4 Bb4 17.Qe3 Bxc3 18.bxc3 Nc5 19.g4 Rc8 20.f5 Qh4 21.Rf4 Rc6 22.Kh1 Ne4
23.f6 Rfc8 24.g5 Qh5 25.Raf1 g6 26.Rg1 Nxc3 27.Rf3 Ne4 28.c3 Rc4 29.Qd3 Rxa4
30.Rg2 Ra1+ 31.Bg1 b5 32.Rf1 Rxf1 33.Qxf1 Nxc3 34.Rg3 Qh4  0-1

[Event "European Rapid Championship"]
[Site "Warsaw POL"]
[Date "2010.12.18"]
[Round "1"]
[White "Vovk,Y"]
[Black "Zitinskas,L"]
[Result "0-1"]
[WhiteElo "2539"]
[BlackElo "1820"]

1.e4 e6 2.d4 d5 3.Nc3 Nf6 4.e5 Nfd7 5.Nce2 c5 6.c3 Nc6 7.f4 Qb6 8.Nf3 Be7
9.h4 h5 10.a3 cxd4 11.cxd4 Na5 12.b4 Nc4 13.Nc3 Qc6 14.Rh3 Ndb6 15.Kf2 Bd7
16.Ra2 Rc8 17.Rc2 Na4 18.Ne4 Ne3 19.Bxe3 Qxc2+ 20.Qxc2 Rxc2+ 21.Ned2 Ra2
22.b5 Nc3  0-1

[Event "European Rapid Championship"]
[Site "Warsaw POL"]
[Date "2010.12.18"]
[Round "8"]
[White "Shirov,A"]
[Black "Bartel,Mat"]
[Result "1-0"]
[WhiteElo "2735"]
[BlackElo "2617"]

1.e4 e6 2.d4 d5 3.Nc3 Nf6 4.e5 Nfd7 5.f4 c5 6.Nf3 Nc6 7.Be3 Be7 8.Be2 O-O
9.O-O f5 10.Kh1 a6 11.Rg1 cxd4 12.Nxd4 Nxd4 13.Bxd4 Nc5 14.g4 Ne4 15.gxf5 exf5
16.Nxe4 fxe4 17.e6 Bf6 18.f5 b6 19.Bxf6 Qxf6 20.Qxd5 Qe7 21.f6  1-0

[Event "48th ch-IND"]
[Site "New Delhi IND"]
[Date "2010.12.19"]
[Round "10"]
[White "Shyam,N"]
[Black "Sethuraman,S"]
[Result "0-1"]
[WhiteElo "2373"]
[BlackElo "2547"]

1.e4 e6 2.d4 d5 3.Nc3 Nf6 4.e5 Nfd7 5.f4 c5 6.Nf3 Nc6 7.Be3 Be7 8.Qd2 O-O
9.Bd3 f6 10.exf6 Bxf6 11.Be2 cxd4 12.Nxd4 Bxd4 13.Bxd4 e5 14.Bxe5 Ndxe5 15.fxe5 d4
16.Nb5 Be6 17.O-O-O Qd5 18.b3 Qxe5 19.Bd3 Qc5 20.Kb1 Rad8 21.Rde1 Bf7 22.Rhf1 a6
23.Rf5 Qb4 24.Qxb4 Nxb4 25.Nc7 Nxd3 26.cxd3 Bg6 27.Rxf8+ Rxf8 28.Re7 Bxd3+
29.Kc1 Rf2 30.g4 Rc2+ 31.Kd1 Rxa2 32.Ne6 Bc2+ 33.Ke1 Bxb3 34.Ng5 Ra1+ 35.Kf2 Ra2+
36.Ke1 Ba4 37.Rxb7 Be8 38.Rb8 Kf8 39.Ne6+ Ke7 40.Nxd4 Bd7 41.h3 a5 42.Rb7 a4
43.Ra7 g6 44.Kd1 Ra3 45.Nc6+ Kd6 46.Nd8 Rf3 47.Ke2 Rf8 48.Nb7+ Kd5 49.Ke3 Re8+
50.Kf4 h6 51.Kf3 Bc6 52.Na5 Ra8 53.Rxa8 Bxa8 54.Ke3 Kc5 55.Kd3 Bd5  0-1

[Event "48th ch-IND"]
[Site "New Delhi IND"]
[Date "2010.12.22"]
[Round "13"]
[White "Konguvel,P"]
[Black "Shyam,N"]
[Result "1-0"]
[WhiteElo "2421"]
[BlackElo "2373"]

1.e4 e6 2.d4 d5 3.Nc3 Nf6 4.e5 Nfd7 5.f4 c5 6.Nf3 Nc6 7.Be3 a6 8.Qd2 b5 9.a3 Bb7
10.Bd3 Qc7 11.O-O O-O-O 12.dxc5 Bxc5 13.Bxc5 Nxc5 14.Qf2 Qb6 15.b4 Nd7 16.a4 Qxf2+
17.Kxf2 bxa4 18.Rfb1 f6 19.exf6 gxf6 20.Rxa4 Nb6 21.Ra2 Nc4 22.b5 axb5 23.Rxb5 Nd6
24.Rc5 Kb8 25.Rb2 Rc8 26.f5 Ne7 27.Na4 e5 28.Nd2 e4 29.Ba6 Nexf5 30.Bxb7 Nxb7
31.Nxe4 Rcd8 32.Rcb5 dxe4 33.Rxb7+ Kc8 34.Rf7 Rd2+ 35.Ke1 e3 36.Nb6+ Kd8
37.Nc4 Ke8 38.Rxf6  1-0

[Event "19th Donau Open"]
[Site "Aschach AUT"]
[Date "2010.12.27"]
[Round "2"]
[White "Krejci,Jan1"]
[Black "Sadilek,P"]
[Result "0-1"]
[WhiteElo "2178"]
[BlackElo "2202"]

1.e4 e6 2.d4 d5 3.Nc3 Nf6 4.e5 Nfd7 5.f4 c5 6.Nf3 Nc6 7.Be3 Qb6 8.Qd2 Qxb2
9.Rb1 Qa3 10.Be2 a6 11.f5 cxd4 12.Nxd4 Nxd4 13.Bxd4 Bc5 14.fxe6 fxe6 15.Bh5+ g6
16.Bg4 Bxd4 17.Qxd4 Qc5 18.Ne2 Qxd4 19.Nxd4 Nc5 20.Rb6 Ke7 21.Rf1 h5 22.Bh3 g5
23.g4 hxg4 24.Bxg4 Rxh2 25.Rf6 Rh4 26.Nxe6 Bxe6 27.Bxe6 Re4+ 28.Kd1 Rxe5
29.Bg4 Rf8 30.Rh6 Rf1+ 31.Kd2 Rf2+ 32.Kc3 Rf4 33.Rh7+ Kf8 34.Bd7 Re7 35.Rh8+ Kg7
36.Rbh6 Rxd7  0-1

[Event "Azerbaijanian Solidarity Day"]
[Site "Baku AZE"]
[Date "2010.12.27"]
[Round "7.3"]
[White "Abasov,N"]
[Black "Bagirov,R"]
[Result "1-0"]
[WhiteElo "2505"]
[BlackElo "2470"]

1.e4 e6 2.d4 d5 3.Nc3 Nf6 4.e5 Nfd7 5.f4 c5 6.Nf3 a6 7.Be3 Qb6 8.a3 Nc6 9.dxc5 Bxc5
10.Na4 Qa5+ 11.b4 Qxa4 12.bxc5 f6 13.exf6 Nxf6 14.Bd3 O-O 15.O-O Bd7 16.Re1 Rae8
17.c4 Qa5 18.Qb3 Bc8 19.Bc2 Kh8 20.Rad1 dxc4 21.Qxc4 Qxa3 22.Ne5 Qb4 23.Qxb4 Nxb4
24.Ba4 Nfd5 25.Bxe8 Rxe8 26.Bd2 Nc2 27.Re4 Kg8 28.Ra4 Re7 29.Kf2 Bd7 30.c6  1-0

[Event "118th ch-NZL 2011"]
[Site "Auckland NZL"]
[Date "2011.01.04"]
[Round "3.8"]
[White "Fuatai,F"]
[Black "Krstev,A"]
[Result "0-1"]
[WhiteElo "2015"]
[BlackElo "2094"]

1.e4 e6 2.d4 d5 3.Nc3 Nf6 4.e5 Nfd7 5.f4 c5 6.Nf3 cxd4 7.Nxd4 Nc6 8.Be3 a6
9.a3 Bc5 10.Qd2 Nxd4 11.Bxd4 b5 12.Be2 Qb6 13.Rd1 O-O 14.Bf3 Bb7 15.Ne2 f6
16.c3 fxe5 17.fxe5 Rf5 18.b4 Bxd4 19.cxd4 Raf8 20.Rf1 Qd8 21.Kf2 Nb6 22.Kg1 Nc4
23.Qc1 Qb6 24.Kh1 Rc8 25.Nc3 h5 26.a4 bxa4 27.Nxa4 Qxb4 28.Nc5 Nxe5 29.Qa1 Nxf3
30.gxf3 Rxc5 31.dxc5 Qxc5 32.Rb1 Qc7 33.Qb2 Rf7 34.Qd4 e5 35.Qh4 g6 36.Rg1 Rg7
37.Qf6 d4 38.Rxg6 Bxf3+ 39.Qxf3 Rxg6 40.Qd5+ Kh8  0-1

[Event "118th ch-NZL 2011"]
[Site "Auckland NZL"]
[Date "2011.01.05"]
[Round "4.6"]
[White "Dordevic,Ivan"]
[Black "Li,Luke"]
[Result "0-1"]
[WhiteElo "2019"]
[BlackElo "1990"]

1.e4 e6 2.d4 d5 3.Nc3 Nf6 4.e5 Nfd7 5.f4 c5 6.Nf3 Nc6 7.Be3 cxd4 8.Nxd4 Bc5
9.Qd2 O-O 10.O-O-O a6 11.Kb1 Nxd4 12.Bxd4 b5 13.Bxc5 Nxc5 14.Qf2 Qc7 15.Bd3 Bd7
16.Qh4 g6 17.Qh6 Rfc8 18.h4 b4 19.h5 Be8 20.f5 Qxe5 21.hxg6 hxg6 22.fxg6 Qg7
23.Qxg7+ Kxg7 24.Rh7+ Kg8 25.Ne2 fxg6 26.Rdh1 Nxd3 27.cxd3 Bb5 28.R1h3 Bxd3+  0-1